La mujer nicaragüense : documento para discusión interna de Alforja /
Gespeichert in:
| 1. Verfasser: | |
|---|---|
| Format: | Buch |
| Sprache: | Spanish |
| Veröffentlicht: |
s.l.
Alforja
198?
|
| Schlagworte: | |
| Tags: |
Tag hinzufügen
Keine Tags, Fügen Sie den ersten Tag hinzu!
|
MARC
| LEADER | 00000nam a22000007a 4500 | ||
|---|---|---|---|
| 003 | cru CIDCACS/IIS | ||
| 005 | 20220420110319.0 | ||
| 008 | 180316b ||||| |||| 00| 0 spa d | ||
| 040 | |c cru CIDCACS/IIS | ||
| 090 | |a 05.03.03 B687m | ||
| 100 | 1 | |9 6804 |a Bolaños S., Aura | |
| 245 | 1 | 3 | |a La mujer nicaragüense : |b documento para discusión interna de Alforja / |c Aura Bolaños S. |
| 260 | |a s.l. |b Alforja |c 198? | ||
| 300 | |a 14 páginas | ||
| 500 | |a Colección Alforja | ||
| 650 | 1 | 0 | |9 88 |a MUJERES |
| 650 | 1 | 0 | |9 93 |a AGRICULTURA |
| 650 | 1 | 0 | |9 624 |a CAMPESINADO |
| 650 | 1 | 0 | |9 3240 |a SANDINISMO |
| 650 | 1 | 0 | |9 113 |a PARTICIPACION DE LA MUJER |
| 650 | 1 | 0 | |9 83 |a DEMOCRACIA |
| 651 | 0 | |9 1861 |a NICARAGUA | |
| 651 | 1 | 0 | |9 6805 |a Mata de Caña |
| 651 | 1 | 0 | |9 6806 |a Cantimplora |
| 942 | |2 ddc |c LI | ||
| 999 | |c 41157 |d 41157 | ||
